Maths words beginning with H - Statistics

General Stats
  • This quiz has been taken 453 times
  • The average score is 6 of 13
Answer Stats
Hint Answer % Correct
5/10 half
97%
7 sides shape heptagon
86%
perpendicular distance from base to teh top of a pyramid height
77%
a 6 sided shape hexagon
76%
c in a^2 + b^2 = c^2 hypotenuse
69%
mathematical idea unproven hypothesis
62%
direction to describe y=3 horizontal
51%
spring like shape helix
48%
(x-h)^2/a^2 - (y-k)^2/b^2 = 1 hyperbola
25%
sin(x/2), cos(x/2) or tan(x/2) half angle formulas
20%
A = sqrt (s(s-a)(s-b)(s-c)) heron's formula
17%
a way of checking if a function has an inverse? horizontal line test
10%
how x^2 becomes (x-2)^2 horizontal translation
4%
No matching quizzes found
Score Distribution
Percent of People with Each Score
Percentile by Number Answered
Your Score History
You have not taken this quiz